Normal view
MARC view
Entry Personal Name
001 - CONTROL NUMBER
- control field: 162209
003 - CONTROL NUMBER IDENTIFIER
- control field: OSt
005 - DATE AND TIME OF LATEST TRANSACTION
- control field: 20220923212126.0
008 - FIXED-LENGTH DATA ELEMENTS
- fixed length control field: 220923|| aca||aabn | a|a d
040 ## - CATALOGING SOURCE
- Original cataloging agency: OSt
- Transcribing agency: OSt
100 ## - HEADING--PERSONAL NAME
- Personal name: रावत, मदन स्वरूप सिंह, संपा
670 ## - SOURCE DATA FOUND
- Source citation: Work cat.: (OSt)306603: रावत, मदन स्वरूप सिंह, संपा., हिमालय का क्षेत्रीय स्वरूप एवं पर्यावरण, 1993
